Revisiting wh movement
Elmentve itt :
| Szerző: | |
|---|---|
| Dokumentumtípus: | Könyv része |
| Megjelent: |
1982
|
| Sorozat: | Acta Universitatis Szegediensis de Attila József nominatae : papers in english and american studies
2 Papers in English and American studies : Tomus II. 2 |
| Kulcsszavak: | Amerikanisztika, Nyelvészet |
| Tárgyszavak: | |
| Online Access: | http://acta.bibl.u-szeged.hu/69608 |
| LEADER | 00807naa a2200217 i 4500 | ||
|---|---|---|---|
| 001 | acta69608 | ||
| 005 | 20250129111412.0 | ||
| 008 | 250121s1982 hu o 000 eng d | ||
| 022 | |a 0230-2780 | ||
| 040 | |a SZTE Egyetemi Kiadványok Repozitórium |b hun | ||
| 041 | |a eng | ||
| 100 | 1 | |a Kenesei István | |
| 245 | 1 | 0 | |a Revisiting wh movement |h [elektronikus dokumentum] / |c Kenesei István |
| 260 | |c 1982 | ||
| 300 | |a 5-44 | ||
| 490 | 0 | |a Acta Universitatis Szegediensis de Attila József nominatae : papers in english and american studies |v 2 | |
| 490 | 0 | |a Papers in English and American studies : Tomus II. |v 2 | |
| 650 | 4 | |a Bölcsészettudományok | |
| 650 | 4 | |a Nyelvek és irodalom | |
| 695 | |a Amerikanisztika, Nyelvészet | ||
| 856 | 4 | 0 | |u http://acta.bibl.u-szeged.hu/69608/1/papers_002_005-044.pdf |z Dokumentum-elérés |